000
00259nam a2200097Ia 4500
001
1069522
005
20250827001849.0
008
250824s9999 xx 000 0 und d
245
0
_a
OSMANLI İNSANLIĞIN SON ADASI
_c
MUSTAFA ARMAĞAN
260
_b
KETEBE YAYINLARI
999
_c
1069522
_d
1069522